000 00589nam a2200229Ia 4500
003 OSt
005 20221007071359.0
006 a|||||r|||| 00| 0
007 ta
008 221006b |||||||| |||| 00| 0 eng d
024 _a16,451
037 _cTextual
040 _aFLL
_cFLL
_beng
041 _2eng
_aeng
082 _aX9:Z3, K3
100 _aMills C.P. Au.
_9688640
245 0 _aFederal industrial laws
260 _aLondon
_bButterworths London
_c1963
300 _a499p
_ccm.
942 _hX9:Z3, K3
_cTEXL
_2CC
999 _c1143197
_d1143197